B46_東京から見て北東にある市区町村 - Statistics

General Stats
  • This quiz has been taken 10 times
  • The average score is 27 of 32
Answer Stats
東京
からの
方位角
東京
からの
距離
都道府県 種類 市区町村名 % Correct
45.5 12.8 東京都 特別区 足立区
100%
45.2 21.5 埼玉県 三郷市
100%
51.8 31.3 千葉県 柏市
100%
52.3 39.6 茨城県 取手市
100%
45.2 42.4 茨城県 つくばみらい市
100%
37.8 54.8 茨城県 つくば市
100%
42.6 101.7 茨城県 水戸市
100%
33.9 113.7 茨城県 常陸大宮市
100%
38.2 119.7 茨城県 常陸太田市
100%
40.1 131.8 茨城県 日立市
100%
37.1 154.9 茨城県 北茨城市
100%
34.9 184.3 福島県 いわき市
100%
44.9 25.5 千葉県 流山市
90%
51.7 51.3 茨城県 牛久市
90%
43.3 70.0 茨城県 かすみがうら市
90%
43.6 108.1 茨城県 ひたちなか市
90%
41.7 116.2 茨城県 東海村
90%
40.8 18.8 埼玉県 八潮市
80%
40.6 37.7 茨城県 守谷市
80%
35.6 45.0 茨城県 常総市
80%
46.5 62.2 茨城県 土浦市
80%
43.5 76.3 茨城県 石岡市
80%
43.9 84.2 茨城県 小美玉市
80%
44.4 92.5 茨城県 茨城町
80%
39.6 110.3 茨城県 那珂市
80%
38.3 144.9 茨城県 高萩市
80%
36.7 90.3 茨城県 笠間市
70%
48.6 104.4 茨城県 大洗町
70%
34.6 106.1 茨城県 城里町
70%
50.9 59.4 茨城県 阿見町
60%
54.7 89.7 茨城県 鉾田市
60%
34.1 204.6 福島県 広野町
40%
No matching quizzes found
Score Distribution
Percent of People with Each Score
Percentile by Number Answered
Your Score History
You have not taken this quiz